Sports Quiz

Random Sports or Hockey Quiz

NHL top assists since 1998 Quiz Stats

 Plays Quiz not verified by Sporcle

Challenge
Share
Tweet
Embed
Score 0/60 Timer 06:00
0 Plays Today
Year Player % Correct
2006-2007Sidney Crosby
99.4%
2008-2009Sidney Crosby
99.4%
2002-2003Joe Thornton
99%
2005-2006Joe Thornton
99%
2006-2007Joe Thornton
99%
2007-2008Joe Thornton
99%
2009-2010Joe Thornton
99%
1997-1998Jaromir Jagr
98.6%
1998-1999Jaromir Jagr
98.6%
1999-2000Jaromir Jagr
98.6%
2000-2001Jaromir Jagr
98.6%
2005-2006Jaromir Jagr
98.6%
2006-2007Henrik Sedin
98.6%
2006-2007Jaromir Jagr
98.6%
2007-2008Henrik Sedin
98.6%
2008-2009Evgeni Malkin
98.6%
2009-2010Henrik Sedin
98.6%
1997-1998Peter Forsberg
98.2%
1998-1999Peter Forsberg
98.2%
2002-2003Peter Forsberg
98.2%
2003-2004Martin St. Louis
98.2%
2009-2010Martin St. Louis
98.2%
1998-1999Joe Sakic
98%
1999-2000Joe Sakic
98%
2000-2001Joe Sakic
98%
2001-2002Joe Sakic
98%
2003-2004Joe Sakic
98%
1998-1999Teemu Selanne
95.3%
2007-2008Pavel Datsyuk
94.9%
2008-2009Pavel Datsyuk
94.9%
Year Player % Correct
2002-2003Mario Lemieux
94.3%
1998-1999Paul Kariya
93.7%
2002-2003Vinny Prospal/Brad Richards
93.5%
2008-2009Nicklas Backstrom
93.3%
2009-2010Nicklas Backstrom
93.3%
2005-2006Brad Richards
93.1%
2009-2010Brad Richards
93.1%
2001-2002Nicklas Lidstrom/Jozef Stumpel
91.6%
1999-2000Nicklas Lidstrom/Viktor Kozlov
91.2%
2007-2008Nicklas Lidstrom
90.6%
2008-2009Ryan Getzlaf
90.6%
2005-2006Jason Spezza
90.2%
2005-2006Marc Savard
88.4%
2006-2007Marc Savard
88.4%
2007-2008Marc Savard
88.4%
2001-2002Markus Naslund/Ron Francis
85.7%
1997-1998Jozef Stumpel/Adam Oates
85.5%
1999-2000Adam Oates
85.3%
2000-2001Adam Oates
85.3%
2001-2002Adam Oates
85.3%
2002-2003Pavol Demitra/Mike Modano
79.8%
1997-1998Ron Francis
79.2%
1997-1998Wayne Gretzky
75.4%
1999-2000Mark Recchi
73.9%
2003-2004Scott Gomez
67%
2000-2001Doug Weight
64.2%
2003-2004Alex Tanguay
59.5%
2000-2001Martin Straka
55.6%
2001-2002Jason Allison
44%
2003-2004Cory Stillman
35.8%

You're not logged in!

Compare scores with friends on all Sporcle quizzes.
Join for Free
OR
Log In

You Might Also Like...

Show Comments

Extras

Top Quizzes Today


Score Distribution

Your Account Isn't Verified!

In order to create a playlist on Sporcle, you need to verify the email address you used during registration. Go to your Sporcle Settings to finish the process.

Report this User

Report this user for behavior that violates our Community Guidelines.

Details: